| 000 | 00600nam a2200217Ia 4500 | ||
|---|---|---|---|
| 003 | OSt | ||
| 005 | 20220925235829.0 | ||
| 006 | a|||||r|||| 00| 0 | ||
| 007 | ta | ||
| 008 | 220923b |||||||| |||| 00| 0 eng d | ||
| 037 | _cGeneral Book | ||
| 040 |
_aRTL _cRTL _beng |
||
| 041 |
_2eng _aeng |
||
| 082 | _aB32, L0/SC | ||
| 100 |
_aOLMSTED John M.H. _9301767 |
||
| 245 | 0 | _aAdvanced calculus. | |
| 260 |
_a New Delhi _bEurosia Publishing House Pvt. Ltd. _c1970 |
||
| 300 |
_axviii,706p. _ccm. |
||
| 942 |
_hB32, L0/SC _cGB _2CC |
||
| 999 |
_c597994 _d597994 |
||